Invasive Species: Risk assessment and management (Record no. 396027)
[ view plain ]
| 000 -LEADER | |
|---|---|
| fixed length control field | 00648 a2200241 4500 |
| 005 - DATE & TIME | |
| control field | 20260209161946.0 |
| 008 - FIXED-LENGTH DATA ELEMENTS--GENERAL INFORMATION | |
| fixed length control field | 260209b |||||||| |||| 00| 0 eng d |
| 020 ## - ISBN | |
| International Standard Book Number | 9780521146746 |
| Price | £ 52.00 |
| 040 ## - CATALOGING SOURCE | |
| Original cataloging agency | VIVEKANANDA LIBRARY |
| 082 ## - DDC NUMBER | |
| Classification number | 578.62 |
| Book Number | R561I |
| 100 ## - MAIN ENTRY--PERSONAL NAME | |
| Personal name | Robinson, Andrew P |
| 245 ## - TITLE STATEMENT | |
| Title | Invasive Species: Risk assessment and management |
| 260 ## - PUBLICATION, DISTRIBUTION, ETC. (IMPRINT) | |
| Name of publisher, distributor, etc | Cambridge University Press |
| Date of publication, distribution, etc | 2017 |
| Place of publication, distribution, etc | Cambridge |
| 300 ## - PHYSICAL DESCRIPTION | |
| Pages | xiv, 412 |
| 650 ## - Subject | |
| Subject | Invasive Plants |
| 650 ## - Subject | |
| Subject | Biodiversity Impact |
| 650 ## - Subject | |
| Subject | Organism |
| 650 ## - Subject | |
| Subject | Pests-Control |
| 700 ## - Added Entry Personal Name | |
| Added Entry Personal Name | Walshe, Terry |
| 700 ## - Added Entry Personal Name | |
| Added Entry Personal Name | Burgman, Mark A |
| 700 ## - Added Entry Personal Name | |
| Added Entry Personal Name | Nunn, Mike |
| 942 ## - ADDED ENTRY ELEMENTS (KOHA) | |
| Koha item type | Books |
| Withdrawn status | Lost status | Source of classification or shelving scheme | Damaged status | Not for loan | Location (home branch) | Sublocation or collection (holding branch) | Shelving location | Date acquired | Koha issues (times borrowed) | Koha full call number | Accession No. | Koha date last seen | Koha item type |
|---|---|---|---|---|---|---|---|---|---|---|---|---|---|
| Dewey Decimal Classification | VIVEKANANDA LIBRARY | VIVEKANANDA LIBRARY | Vivekananda Library | 22/01/2026 | 578.62 R561I | 444376 | 22/01/2026 | Books |
